[Event "Memorial Gashimov 2022 - Blitz"]
[Site "Baku"]
[Date "23.12.2022"]
[Round "B15"]
[White "Suleymanli, Aydin"]
[Black "Mamedov, Rauf"]
[Result "0-1"]
[WhiteElo "2543"]
[BlackElo "2646"]
[PlyCount "134"]
[EventDate "2022.??.??"]

1. c4 c5 2. Nf3 g6 3. Nc3 Bg7 4. d4 cxd4 5. Nxd4 Nf6 6. e4 d6 7. Be2 Nc6 8. Be3
O-O 9. O-O Nxd4 10. Bxd4 a5 11. Qc2 Be6 12. Rad1 Nd7 13. Nb5 Bxd4 14. Nxd4 Qb6
15. Kh1 Nc5 16. f4 Bd7 17. f5 Rac8 18. Bf3 Qb4 19. Ne2 b5 20. Nc3 Rfe8 21. Nd5
Qxc4 22. Qxc4 bxc4 23. f6 Rb8 24. Nxe7+ Kf8 25. Rd2 Be6 26. Nc6 Rb6 27. Nxa5
Ra8 28. b4 Rxb4 29. Nc6 Rb6 30. Rxd6 c3 31. Rc1 Nd7 32. Rxc3 Nxf6 33. h3 Rxa2
34. e5 Nd7 35. Nd4 Rb1+ 36. Kh2 Nxe5 37. Nxe6+ Ke7 38. Rd5 Nxf3+ 39. Rxf3 fxe6
40. Rc5 Rbb2 41. Rg3 Rc2 42. Rb5 Ra7 43. Re3 Rc6 44. h4 Kf7 45. h5 Kg7 46. Rh3
Re7 47. h6+ Kf7 48. Rf3+ Ke8 49. Rb8+ Kd7 50. Rg8 Rc5 51. g4 Kd6 52. Rg7 Rcc7
53. Rg8 e5 54. Rd3+ Ke6 55. Kg3 e4 56. Re3 Ke5 57. Rd8 Rcd7 58. Rh8 Rd3 59. Kf2
Kf4 60. Rf8+ Kxg4 61. Re1 e3+ 62. Kg1 e2 63. Rf2 Rd1 64. Rg2+ Kh5 65. Rh2+ Kg5
66. Kf2 Rxe1 67. Kxe1 Re4 0-1

[Event "Memorial Gashimov 2022 - Blitz"]
[Site "Baku"]
[Date "23.12.2022"]
[Round "B16"]
[White "Mamedyarov, Shakhriyar"]
[Black "Suleymanli, Aydin"]
[Result "1-0"]
[WhiteElo "2740"]
[BlackElo "2543"]
[PlyCount "87"]
[EventDate "2022.??.??"]

1. d4 d5 2. c4 dxc4 3. Nf3 Nf6 4. e3 e6 5. Bxc4 a6 6. O-O c5 7. b3 Nc6 8. dxc5
Bxc5 9. Qxd8+ Kxd8 10. Bb2 Ke7 11. Be2 Rd8 12. Nbd2 b6 13. a3 a5 14. Rac1 Bb7
15. Rfd1 h6 16. Ne1 Ba6 17. Bf3 Bb7 18. Nc4 Rxd1 19. Rxd1 b5 20. Nd3 Ba7 21.
Nde5 Nd8 22. Nxa5 Bxf3 23. gxf3 Ke8 24. Nac6 Nxc6 25. Nxc6 Bc5 26. b4 Bb6 27.
Rd3 Rc8 28. Ne5 Rc2 29. Bd4 Bc7 30. Ng4 Nxg4 31. fxg4 f6 32. Kg2 Ra2 33. Rc3
Kd7 34. Rd3 Kc6 35. h4 Kb7 36. Bc5 Kc6 37. Bf8 g5 38. h5 f5 39. Bxh6 fxg4 40.
Rc3+ Kb6 41. Bxg5 g3 42. Bf4 Bxf4 43. exf4 gxf2 44. Rh3 1-0

[Event "Memorial Gashimov 2022 - Blitz"]
[Site "Baku"]
[Date "23.12.2022"]
[Round "B16"]
[White "Shankland, Sam"]
[Black "Rapport, Richard"]
[Result "1-0"]
[WhiteElo "2710"]
[BlackElo "2740"]
[PlyCount "67"]
[EventDate "2022.??.??"]

1. d4 Nf6 2. c4 e6 3. Nc3 Bb4 4. Qc2 O-O 5. a3 Bxc3+ 6. Qxc3 d6 7. Bg5 Nbd7 8.
e3 e5 9. Bd3 h6 10. Bh4 exd4 11. Qxd4 Ne5 12. Nf3 Qe7 13. Nxe5 dxe5 14. Qc3 Re8
15. O-O e4 16. Be2 g5 17. Bg3 Bg4 18. Bxg4 Nxg4 19. Rad1 Rad8 20. h3 Rxd1 21.
Rxd1 Ne5 22. Rd5 Nd3 23. Qd4 c5 24. Qc3 Rd8 25. f3 Rxd5 26. cxd5 b5 27. d6 Qd7
28. fxe4 c4 29. Qf6 a5 30. Qxh6 b4 31. Qxg5+ Kf8 32. Qf6 Kg8 33. Qe7 Nc5 34.
Qg5+ 1-0

[Event "Memorial Gashimov 2022 - Blitz"]
[Site "Baku"]
[Date "23.12.2022"]
[Round "B16"]
[White "Mamedov, Rauf"]
[Black "Abdusattorov, Nodirbek"]
[Result "0-1"]
[WhiteElo "2646"]
[BlackElo "2713"]
[PlyCount "112"]
[EventDate "2022.??.??"]

1. e4 e5 2. Nf3 Nc6 3. Bc4 Nf6 4. d3 Bc5 5. Nc3 h6 6. Nd5 d6 7. a4 O-O 8. c3 a5
9. O-O Ba7 10. h3 Nxd5 11. Bxd5 Ne7 12. Ba2 Ng6 13. Be3 Qf6 14. d4 Be6 15. Bxe6
Qxe6 16. Re1 Rfe8 17. Nd2 d5 18. exd5 Qxd5 19. Qb3 Rad8 20. Qxd5 Rxd5 21. Nb3
exd4 22. Bxd4 Rxe1+ 23. Rxe1 Bxd4 24. Re8+ Kh7 25. Nxd4 c5 26. Nf3 Rd6 27. Rc8
b6 28. Rc7 Kg8 29. Rc8+ Kh7 30. Rc7 Nf4 31. Ne5 Rd2 32. Rxf7 Ne2+ 33. Kh2 Rxb2
34. Nc4 Rb3 35. Rb7 Rxc3 36. Nd6 Rb3 37. Ne8 Kg6 38. Rxg7+ Kf5 39. Re7 Nd4 40.
g4+ Kf4 41. Kg2 c4 42. Nf6 c3 43. Nd5+ Kg5 44. Rg7+ Kh4 45. Nf4 c2 46. Rc7 Kg5
47. Nd5 Rb1 48. Rg7+ Kh4 49. Rc7 c1=Q 50. Rxc1 Rxc1 51. Nf4 Kg5 52. Nd3 Rc2 53.
Ne5 b5 54. axb5 Nxb5 55. Kg3 Rc3+ 56. f3 a4 0-1

[Event "Memorial Gashimov 2022 - Blitz"]
[Site "Baku"]
[Date "23.12.2022"]
[Round "B16"]
[White "Gadimbayli, Abdulla"]
[Black "Vallejo Pons, Francisco"]
[Result "1/2-1/2"]
[WhiteElo "2524"]
[BlackElo "2716"]
[PlyCount "67"]
[EventDate "2022.??.??"]

1. e4 e6 2. d4 d5 3. Nd2 dxe4 4. Nxe4 Nd7 5. Nf3 Ngf6 6. Bd3 Nxe4 7. Bxe4 Nf6
8. Bg5 c5 9. O-O cxd4 10. Nxd4 h6 11. Bxf6 gxf6 12. c3 Bg7 13. Qa4+ Qd7 14. Qb4
Qe7 15. Qb5+ Qd7 16. Qb4 a5 17. Qc5 Qe7 18. Qb5+ Qd7 19. Qc5 Qe7 20. Qb5+ Kf8
21. Rfe1 Qc7 22. Rad1 Ra6 23. Qh5 f5 24. Bc2 Rb6 25. Qh4 Kg8 26. Bb3 h5 27.
Nxf5 exf5 28. Re7 Qc5 29. Bxf7+ Kh7 30. Qxh5+ Rh6 31. Bg6+ Kg8 32. Bf7+ Kh7 33.
Bg6+ Kg8 34. Bf7+ 1/2-1/2

[Event "Memorial Gashimov 2022 - Blitz"]
[Site "Baku"]
[Date "23.12.2022"]
[Round "B17"]
[White "Rapport, Richard"]
[Black "Abdusattorov, Nodirbek"]
[Result "1-0"]
[WhiteElo "2740"]
[BlackElo "2713"]
[PlyCount "73"]
[EventDate "2022.??.??"]

1. e4 e5 2. Nf3 Nc6 3. Bc4 Nf6 4. Ng5 d5 5. exd5 Na5 6. Bb5+ c6 7. dxc6 bxc6 8.
Be2 h6 9. Nh3 Bd6 10. d3 O-O 11. Nd2 c5 12. O-O Bc7 13. Kh1 Rb8 14. Bf3 Qd6 15.
Ne4 Nxe4 16. dxe4 Qf6 17. Bg4 Ba6 18. Re1 Nc6 19. Qf3 Qe7 20. c3 Rfd8 21. Qg3
Qf6 22. Ng1 Ba5 23. Nf3 Rd3 24. a3 c4 25. Rf1 Bb6 26. Qh3 Rbd8 27. Be3 Na5 28.
Rae1 Bb7 29. Bf5 Bxe3 30. fxe3 g6 31. Nh4 gxf5 32. Nxf5 Kh7 33. Nxh6 Qxh6 34.
Rxf7+ Kg8 35. Qxh6 Kxf7 36. Rf1+ Ke8 37. Qe6# 1-0

[Event "Memorial Gashimov 2022 - Blitz"]
[Site "Baku"]
[Date "23.12.2022"]
[Round "B17"]
[White "Vallejo Pons, Francisco"]
[Black "Wang, Hao"]
[Result "1-0"]
[WhiteElo "2716"]
[BlackElo "2722"]
[PlyCount "161"]
[EventDate "2022.??.??"]

1. e4 c5 2. Nc3 d6 3. d4 cxd4 4. Qxd4 Nc6 5. Qd2 Nf6 6. b3 e6 7. Bb2 d5 8. exd5
exd5 9. O-O-O Be6 10. Bb5 a6 11. Bxc6+ bxc6 12. Nge2 Bb4 13. Nd4 Qd6 14. Qg5
O-O 15. Nxe6 Qxe6 16. Rhe1 Qg4 17. Qxg4 Nxg4 18. f3 Nf6 19. a3 Ba5 20. Re7 Rfe8
21. Rb7 Rab8 22. Ra7 Ra8 23. Rxa8 Rxa8 24. Na4 Bc7 25. g3 a5 26. Bxf6 gxf6 27.
Re1 Bd6 28. Kb2 Kg7 29. f4 h5 30. c4 Rd8 31. c5 Bf8 32. Kc3 f5 33. Kd4 Kg6 34.
Nb6 Bg7+ 35. Kd3 Bb2 36. a4 Ba3 37. Kd4 Bb2+ 38. Kd3 Kf6 39. Re2 Ba3 40. Kd4 h4
41. gxh4 Bc1 42. Rf2 Kg6 43. Rg2+ Kh6 44. Rg5 f6 45. Rg2 Bxf4 46. b4 axb4 47.
a5 b3 48. Kc3 d4+ 49. Kxb3 d3 50. Rg1 Be3 51. Rd1 Bxc5 52. Kc4 Bxb6 53. axb6 d2
54. Kc5 f4 55. b7 f3 56. Rxd2 Rxd2 57. b8=Q f2 58. Qf4+ Kg6 59. Kxc6 Rc2+ 60.
Kd5 Rd2+ 61. Kc4 Rc2+ 62. Kb3 Rd2 63. Kc3 Ra2 64. Kb3 Rd2 65. h3 Rd3+ 66. Kc2
Ra3 67. Qg4+ Kh6 68. Qf4+ Kg6 69. Kb2 Ra5 70. Qxf2 Re5 71. Qg3+ Kh6 72. Qf4+
Kg7 73. Kc3 Kg6 74. Kd3 Kg7 75. Qg4+ Kh6 76. Kd4 Kh7 77. h5 Rg5 78. Qf4 Kg7 79.
Qf3 Re5 80. h4 Kf7 81. Qg4 1-0

[Event "Memorial Gashimov 2022 - Blitz"]
[Site "Baku"]
[Date "23.12.2022"]
[Round "B17"]
[White "Suleymanli, Aydin"]
[Black "Gadimbayli, Abdulla"]
[Result "1-0"]
[WhiteElo "2543"]
[BlackElo "2524"]
[PlyCount "105"]
[EventDate "2022.??.??"]

1. d4 d5 2. Nf3 Nc6 3. Bf4 Nf6 4. e3 Nh5 5. h4 Nxf4 6. exf4 Bg4 7. c3 Qd6 8. g3
Qe6+ 9. Kd2 O-O-O 10. Ng5 Qd7 11. Qxg4 Qxg4 12. Bh3 Qxh3 13. Rxh3 Re8 14. Nxf7
Rg8 15. Ng5 h6 16. Ne6 Kd7 17. Nc5+ Kc8 18. Nd3 e6 19. h5 Bd6 20. Kc2 Ne7 21.
Nd2 b6 22. Re1 Nc6 23. Rhh1 Nd8 24. b4 Nf7 25. a4 Kd7 26. Re2 Rc8 27. Nb3 Rge8
28. Rh4 Be7 29. Rh1 Bf6 30. a5 Nd6 31. Ra1 Ne4 32. Nd2 Nd6 33. Ree1 Ra8 34. Ra2
Rh8 35. Rea1 Rag8 36. Rh1 Nb5 37. Raa1 Rc8 38. Nf3 Nd6 39. Nfe5+ Bxe5 40. Nxe5+
Ke8 41. axb6 axb6 42. Kd3 Rf8 43. Ng6 Rf6 44. Rhe1 Kf7 45. Ra7 Ne4 46. Re2 Kg8
47. Rea2 Kh7 48. Rb7 Rf5 49. g4 Rf7 50. f3 Nd6 51. Rba7 Nb5 52. Ra8 Rg8 53.
Rxg8 1-0

[Event "Memorial Gashimov 2022 - Blitz"]
[Site "Baku"]
[Date "23.12.2022"]
[Round "B18"]
[White "Wang, Hao"]
[Black "Suleymanli, Aydin"]
[Result "1-0"]
[WhiteElo "2722"]
[BlackElo "2543"]
[PlyCount "111"]
[EventDate "2022.??.??"]

1. e4 c6 2. Nf3 d5 3. Nc3 dxe4 4. Nxe4 Nf6 5. Qe2 Nxe4 6. Qxe4 Qd5 7. Qh4 Bf5
8. Bc4 Qd6 9. c3 e6 10. d4 Be7 11. Qg3 Qxg3 12. hxg3 Nd7 13. a4 a6 14. a5 c5
15. d5 exd5 16. Bxd5 O-O-O 17. Bxf7 Bd3 18. Be3 Rhf8 19. Be6 Rf6 20. Bxd7+ Kxd7
21. Ne5+ Ke6 22. Nxd3 Rxd3 23. Rxh7 Kf7 24. Ke2 Rd5 25. Rh4 Re6 26. Rf4+ Ke8
27. Rg4 Bg5 28. Raa4 Rde5 29. Kd2 Bxe3+ 30. fxe3 g6 31. e4 g5 32. Ra1 Rf6 33.
Ke3 Kf7 34. Rd1 Kg6 35. Rd5 Rfe6 36. Rd8 Kh5 37. Kf3 Rf6+ 38. Rf4 gxf4 39. gxf4
Re7 40. g4+ Kg6 41. f5+ Kf7 42. g5 Rc6 43. Kf4 Rcc7 44. f6 Red7 45. Rh8 Kg6 46.
Rh6+ Kf7 47. Kf5 Kg8 48. g6 c4 49. g7 Rxg7 50. fxg7 Rc5+ 51. e5 Kxg7 52. Rb6
Rxa5 53. Rxb7+ Kf8 54. Kf6 Kg8 55. e6 Ra1 56. Rb8+ 1-0

[Event "Memorial Gashimov 2022 - Blitz"]
[Site "Baku"]
[Date "23.12.2022"]
[Round "B18"]
[White "Shankland, Sam"]
[Black "Vallejo Pons, Francisco"]
[Result "1/2-1/2"]
[WhiteElo "2710"]
[BlackElo "2716"]
[PlyCount "140"]
[EventDate "2022.??.??"]

1. d4 e6 2. c4 d5 3. Nf3 dxc4 4. e3 c5 5. Bxc4 Nf6 6. O-O a6 7. Nbd2 cxd4 8.
Nxd4 Bc5 9. N4b3 Ba7 10. Be2 Nc6 11. Nc4 O-O 12. Bd2 Ne4 13. Be1 Qf6 14. Qc2
Qg6 15. Bd3 f5 16. Bxe4 fxe4 17. Nd6 e5 18. Nxc8 Raxc8 19. Bc3 Nb4 20. Qe2 Nd3
21. Nd2 b5 22. a3 a5 23. Bxa5 Rc2 24. Bc3 h5 25. Kh1 Qf5 26. f3 Qg6 27. fxe4
Rxf1+ 28. Rxf1 Nxb2 29. Bxb2 Rxb2 30. Qd3 Kh7 31. h3 Qg3 32. Rf3 Qe1+ 33. Nf1
Rf2 34. Rxf2 Qxf2 35. Kh2 h4 36. Qd1 Kh6 37. Qf3 Qxf3 38. gxf3 Bc5 39. Nd2 Bxa3
40. Nb3 g5 41. Kg2 Kg6 42. Kf2 Kf6 43. Ke2 Bb4 44. Kd3 Ke6 45. Nc1 Kd6 46. Nb3
Bc5 47. Ke2 Bb6 48. Kd3 Kc6 49. Ke2 Bc7 50. Kd3 Bb8 51. Kc3 Ba7 52. Kd3 Bb6 53.
Nd2 Kc5 54. f4 gxf4 55. exf4 exf4 56. Nf3 Bd8 57. Kc3 b4+ 58. Kd3 Kb5 59. e5
Ka4 60. Nd4 b3 61. Kc3 Ba5+ 62. Kb2 Bc7 63. Nxb3 f3 64. Nd2 f2 65. e6 Bd8 66.
Kc2 Kb5 67. Kd3 Kc6 68. Ke4 Kd6 69. Kf3 Kxe6 70. Kxf2 Ke7 1/2-1/2

[Event "Memorial Gashimov 2022 - Blitz"]
[Site "Baku"]
[Date "23.12.2022"]
[Round "B18"]
[White "Mamedov, Rauf"]
[Black "Rapport, Richard"]
[Result "1-0"]
[WhiteElo "2646"]
[BlackElo "2740"]
[PlyCount "67"]
[EventDate "2022.??.??"]

1. Nf3 Nf6 2. g3 g6 3. Bg2 Bg7 4. O-O O-O 5. d3 d5 6. Nbd2 Nc6 7. e4 dxe4 8.
dxe4 e5 9. c3 a5 10. Qc2 Be6 11. Ng5 Bd7 12. b3 h6 13. Ngf3 Be6 14. Ba3 Re8 15.
Nc4 Nd7 16. Ne3 a4 17. Rfd1 axb3 18. axb3 Bf8 19. Bb2 Rxa1 20. Rxa1 Nc5 21. Rd1
Qc8 22. Nd5 Bg7 23. Ba3 Nd7 24. b4 b5 25. Bc1 Kh7 26. Be3 Nd8 27. h4 Qb7 28.
Ra1 Nc6 29. h5 g5 30. Nd2 Nd4 31. cxd4 exd4 32. e5+ Kh8 33. Nf6 Bxf6 34. Bxb7
1-0

[Event "Memorial Gashimov 2022 - Blitz"]
[Site "Baku"]
[Date "23.12.2022"]
[Round "B18"]
[White "Gadimbayli, Abdulla"]
[Black "Mamedyarov, Shakhriyar"]
[Result "0-1"]
[WhiteElo "2524"]
[BlackElo "2740"]
[PlyCount "88"]
[EventDate "2022.??.??"]

1. e4 c5 2. Nf3 e6 3. d4 cxd4 4. Nxd4 Nf6 5. Nc3 Nc6 6. Nxc6 bxc6 7. e5 Nd5 8.
Ne4 Qc7 9. f4 f5 10. exf6 gxf6 11. Qh5+ Kd8 12. Bd2 Nxf4 13. Qh4 Ng6 14. Qxf6+
Be7 15. Qc3 d5 16. O-O-O Rb8 17. Ng5 Rf8 18. Nxh7 Rf7 19. Bd3 Bb4 20. Bg5+ Ke8
21. Qd4 e5 22. Bxg6 exd4 23. Rhe1+ Bxe1 24. Rxe1+ Kd7 25. Bxf7 Qxh2 26. Nf6+
Kc7 27. Bd2 Kb7 28. Ne8 Bg4 29. Re7+ Kb6 30. a4 a5 31. b4 axb4 32. Bxb4 c5 33.
Bd2 Qg1+ 34. Kb2 Qxg2 35. Bf4 d3 36. Bc7+ Kc6+ 37. Bxb8 Qxc2+ 38. Ka3 Qc3+ 39.
Ka2 Qd2+ 40. Ka3 Qb4+ 41. Ka2 Qxa4+ 42. Kb2 Qb4+ 43. Ka2 Qxb8 44. Nf6 Bf3 0-1